Can you Name 25 random stuff - Statistics

General Stats
  • This quiz has been taken 84 times
  • The average score is 13 of 25
Answer Stats
Picture Answer % Correct
Google
82%
Dice
74%
Africa
73%
Green
69%
Moon
69%
Wifi
69%
Apples
68%
Bed
65%
Rainbow
65%
Red
65%
Iphone
63%
Shovel
60%
Jupiter
56%
Bubble
53%
Texas
52%
Pencils
48%
Google Translate
47%
Barbados
35%
Cornbread
31%
Scotland
26%
Kiribati
24%
Micronesia
19%
Nauru
19%
Austria Hungary
18%
Wikimedia
10%
No matching quizzes found
Score Distribution
Percent of People with Each Score
Percentile by Number Answered
Your Score History
You have not taken this quiz